| 000 | 00644cam a2200181 a 4500 | ||
|---|---|---|---|
| 999 |
_c8792 _d8792 |
||
| 001 | 45940 | ||
| 003 | OSt | ||
| 005 | 20180508124708.0 | ||
| 008 | 841206s1985 xxu b 00110 eng | ||
| 020 | _a0060913606 (pbk.) | ||
| 040 |
_aDDC _beng _cDDC _dDDC |
||
| 082 | _aRBC/658.42 DRU | ||
| 100 | 1 | 0 |
_aDrucker, Peter F. _q(Peter Ferdinand), _d1909-2005. |
| 245 | 1 | 0 |
_aInnovation and entrepreneurship : _bpractice and principles / _cPeter F. Drucker. |
| 250 | _a1st ed. | ||
| 260 | 0 |
_aNew York : _bHarper & Row, _cc1985. |
|
| 300 |
_aix, 277 p. ; _c24 cm. |
||
| 504 | _aIncludes bibliographical references and index. | ||
| 650 | 0 |
_aSmall business _zUnited States. |
|
| 650 | 0 |
_aNew business enterprises _zUnited States. |
|
| 650 | 0 | _aEntrepreneurship. | |
| 942 |
_2ddc _cRBC |
||